| 000 | 00885nam1a22002411 4500 | ||
|---|---|---|---|
| 001 | rc\3136299 | ||
| 005 | 20120615100341.0 | ||
| 035 | _a(NLR Aleph) 007316721 | ||
| 090 |
_a5866869 _c5866869 |
||
| 100 | _a20120615g1975 |||y0rusy50 ca | ||
| 101 | 0 | _arus | |
| 102 | _aRU | ||
| 105 | _a z ||||| | ||
| 200 | 1 |
_aИзбранные труды _fМ.В. Стовас, проф., д-р техн. наук _g[Ред. коллегия: ...проф. Е.Ф. Эпштейн (пред.) и др.] _gДнепропетр. горный ин-т им. Артема |
|
| 210 |
_aМосква _cНедра _d1975- |
||
| 215 | _d22 | ||
| 700 | 1 |
_aСтовас _bМ. В. _gМихаил Владимирович |
|
| 702 | 1 |
_aЭпштейн _bЕ. Ф. _gЕвгений Федорович _4340 |
|
| 801 | 0 |
_aRU _bNLR _gpsbo |
|
| 801 | 1 |
_aRU _bELAR _2rusmarc |
|
| 852 |
_aNLR _j76-5/4713 |
||
| 942 | _cBOOK | ||
| 980 | _aNB | ||